00350pab a2200133 454500008004000000100001800040245004600058260000900104300001500113362001200128650002000140650001600160773004000176180718b2010 xxu||||| |||| 00| 0 eng d aSingh, Rajeev aCitizenship, exclusion and Indian Muslims c2010 ap.497-510. aApr-Jun aMuslims - India aNationality aIndian Journal of Political Science